| 000 | 00395cam a22001217a 4500 | ||
|---|---|---|---|
| 999 |
_c508860 _d508860 |
||
| 008 | 180718b1981 xxu||||| |||| 00| 0 eng d | ||
| 082 | _aL906x54 C/1980-81/A | ||
| 245 | _aAdvance Report of the Comptroller and Auditor General of India: 1980-81. Union Government (Railways) | ||
| 260 |
_aDelhi _bThe Controller of Publications _c1981 |
||
| 300 | _a468p. | ||
| 650 |
_aRailways _94382 |
||
| 942 | _2ddc | ||